000 01194nam a22003857a 4500
001 0014460
003 KOHA_MİRAKIL
005 20260207001955.0
007 ta
008 121228b2001 tu |||gr||||#||||0|tur |
020 _a9750600258
040 _aTR-BiSEU
_btur
_cTR-BiSEU
_erda
041 0 _atur
044 _ctu
050 _aB72
_b.R59 2001
100 1 _aRızatepe, Harun.
245 1 _aYirminci Yüzyıl Anglo-Sakson düşüncesinde felsefe konuları/
_cHarun Rızatepe ; Harun Rızatepe, Semiha Akıncı.
264 1 _aEskişehir :
_bAnadolu Üniversitesi İletişim Bilimleri Fakültesi
_c2001
300 _aXI, 179 sayfa
336 _ametin
_btxt
_2rdacontent
337 _aaracısız
_bn
_2rdamedia
338 _acilt
_bnc
_2rdacarrier
490 1 _aT.C.
490 1 _aAnadolu Üniversitesi yayınları ;
_vno.
490 1 _a1279.
490 1 _aİletişim Fakültesi yayınları ;
_vno.
490 1 _a45.
650 0 _aFelsefe.
_93265
830 1 _aT.C.
_96297
830 1 _aAnadolu Üniversitesi yayınları ;
_vno.
_97107
830 1 _a1279.
_933584
830 1 _aİletişim Fakültesi yayınları ;
_vno.
_933753
830 1 _a45.
_91799
942 _2lcc
_cBK
999 _c14423
_d14423